| 000 | 00568nam a2200205Ia 4500 | ||
|---|---|---|---|
| 003 | IIN | ||
| 005 | 20250530120039.0 | ||
| 008 | 250530s2022 xx acd 001 0 eng d | ||
| 020 |
_cRs.495.00 _a9789390619726 |
||
| 040 |
_aIIN _bEnglish |
||
| 082 |
_a616.89 _bKUM |
||
| 100 | 1 | _aKumari, Eleena | |
| 245 | 1 |
_aTextbook of Mental Health Nursing _bfor GNM Nursing Students/ _cEleena Kumari |
|
| 250 | _a2nd ed | ||
| 260 |
_aNew Delhi _bCBS _c2022 |
||
| 300 |
_axxiii, 437p. _bcol. ill. |
||
| 500 | _aIncludes Index | ||
| 650 | 1 |
_aMental Health _vNursing |
|
| 942 | _cBOOK | ||
| 999 |
_c1849 _d1849 |
||